Statistiken für Bis 9 zählen in 3 germanischen Sprachen

Klicken Sie hier um das Quiz zu spielen!

Allgemein

  • Dieses Quiz wurde 80 mal gespielt
  • Das Durchschnittsergebnis liegt bei 21 aus 27

Antwortstatistiken

ZahlAntwort% Korrekt
8Acht
100%
3Drei
100%
8Eight
100%
1Eins
100%
5Five
100%
4Four
100%
5Fünf
100%
9Neun
100%
9Nine
100%
1One
100%
6Sechs
100%
7Seven
100%
7Sieben
100%
6Six
100%
3Three
100%
2Two
100%
4Vier
100%
2Zwei
100%
1Een
67%
3Drie
49%
4Vier
43%
2Twee
39%
8Acht
32%
5Vijf
22%
9Negen
21%
7Zeven
21%
6Zes
20%

Verteilung der Resultate

Perzentil nach korrekt beantworteten Fragen

Anzahl Personen mit jedem Resultat

Ihre Resultats-Entwicklung

Sie haben dieses Quiz noch nicht gespielt